Renewal 'kite mark' (Record no. 69494)
[ view plain ]
| 000 -LEADER | |
|---|---|
| fixed length control field | 00954cam a2200241 4500 |
| 001 - CONTROL NUMBER | |
| control field | WB3806-30 |
| 008 - FIXED-LENGTH DATA ELEMENTS--GENERAL INFORMATION | |
| fixed length control field | 020212n2002 000 0 eng u |
| 035 ## - SYSTEM CONTROL NUMBER | |
| System control number | (Sirsi) u116687 |
| 245 ## - TITLE STATEMENT | |
| Title | Renewal 'kite mark' |
| 260 ## - PUBLICATION, DISTRIBUTION, ETC. | |
| Date of publication, distribution, etc. | 2002 |
| 490 ## - SERIES STATEMENT | |
| Series statement | Regeneration and Renewal |
| Volume/sequential designation | 8 February 2002, 1(1) |
| 520 ## - SUMMARY, ETC. | |
| Summary, etc. | The Prince of Wales plans to award 'kite marks' for projects that reflect best practice in urban regeneration. The Prince announced that the Urban Village Forum will be replaced by the Prince's Foundation Urban Network to develop the accreditation scheme. However, regeneration professionals are concerned that the prince may impose his own views on urban design. |
| 590 ## - LOCAL NOTE (RLIN) | |
| Local note | WB |
| 650 ## - SUBJECT ADDED ENTRY--TOPICAL TERM | |
| Topical term or geographic name entry element | URBAN REGENERATION |
| 650 ## - SUBJECT ADDED ENTRY--TOPICAL TERM | |
| Topical term or geographic name entry element | KITEMARK |
| 650 ## - SUBJECT ADDED ENTRY--TOPICAL TERM | |
| Topical term or geographic name entry element | ACCREDITATION |
| 650 ## - SUBJECT ADDED ENTRY--TOPICAL TERM | |
| Topical term or geographic name entry element | REGENERATION PROJECTS |
| 650 ## - SUBJECT ADDED ENTRY--TOPICAL TERM | |
| Topical term or geographic name entry element | PRINCE'S FOUNDATION |
| 650 ## - SUBJECT ADDED ENTRY--TOPICAL TERM | |
| Topical term or geographic name entry element | URBAN DESIGN |
| 650 ## - SUBJECT ADDED ENTRY--TOPICAL TERM | |
| Topical term or geographic name entry element | BEST PRACTICE |
| 690 ## - LOCAL SUBJECT ADDED ENTRY--TOPICAL TERM (OCLC, RLIN) | |
| Topical term or geographic name as entry element | REGENERATION |
| 942 ## - ADDED ENTRY ELEMENTS (KOHA) | |
| Suppress in OPAC | 0 |
| Withdrawn status | Lost status | Source of classification or shelving scheme | Damaged status | Not for loan | Home library | Current library | Shelving location | Date acquired | Total Checkouts | Full call number | Barcode | Date last seen | Copy number | Price effective from | Koha item type |
|---|---|---|---|---|---|---|---|---|---|---|---|---|---|---|---|
| Dewey Decimal Classification | London | London | News article | 12/02/2002 | WB3806-30 | 116687-1001 | 06/08/2019 | 1 | 06/08/2019 | News article |